000
00234 a2200085 4500
020
_a
9788496954472
100
_a
Jose Luis Mateo and Ramias Steinemann
245
_a
Global Housing Projects Since 1980: v. 4
260
_b
ActarD Inc
_c
2008
999
_c
13533
_d
13533